000 00592nam a2200229Ia 4500
003 OSt
005 20220924143544.0
006 a|||||r|||| 00| 0
007 ta
008 220923b |||||||| |||| 00| 0 urd d
024 _a308952
037 _cTextual
040 _aARTS
_cARTS
_burd
041 _2urd
_aurd
082 _aO152,1I95,1, 168H0
100 _aGhulam Ali Mashadi
_9216269
245 0 _aPadmawat
260 _c1940
650 _aHINDI LITERATURE
_923866
942 _hO152,1I95,1, 168H0
_cTEXL
_2CC
999 _c454979
_d454979